<?xml version="1.0" encoding="UTF-8"?>
<record
    xmlns:xsi="http://www.w3.org/2001/XMLSchema-instance"
    xsi:schemaLocation="http://www.loc.gov/MARC21/slim http://www.loc.gov/standards/marcxml/schema/MARC21slim.xsd"
    xmlns="http://www.loc.gov/MARC21/slim">

  <leader>01466nam a2200229Ia 4500</leader>
  <controlfield tag="003">Ost</controlfield>
  <controlfield tag="005">20260507075724.0</controlfield>
  <controlfield tag="008">260507s9999||||xx |||||||||||||| ||und||</controlfield>
  <datafield tag="040" ind1=" " ind2=" ">
    <subfield code="c">fsecg</subfield>
  </datafield>
  <datafield tag="041" ind1=" " ind2=" ">
    <subfield code="a">ara</subfield>
  </datafield>
  <datafield tag="082" ind1=" " ind2=" ">
    <subfield code="a">1.64</subfield>
  </datafield>
  <datafield tag="100" ind1=" " ind2=" ">
    <subfield code="a">&#x633;&#x644;&#x627;&#x645;&#x629;&#x60C; &#x62D;&#x633;&#x64A;&#x646; &#x627;&#x62D;&#x645;&#x62F;</subfield>
    <subfield code="e">&#x645;&#x624;&#x644;&#x641;</subfield>
  </datafield>
  <datafield tag="245" ind1=" " ind2="0">
    <subfield code="a">&#x62A;&#x637;&#x628;&#x64A;&#x642;&#x627;&#x62A; &#x627;&#x644;&#x627;&#x646;&#x62A;&#x631;&#x646;&#x62A; :</subfield>
    <subfield code="b">&#x62A;&#x639;&#x644;&#x645; &#x62C;&#x627;&#x641;&#x627; &#x633;&#x643;&#x631;&#x64A;&#x628;&#x62A; /</subfield>
    <subfield code="c"> &#x62D;&#x633;&#x64A;&#x646; &#x627;&#x62D;&#x645;&#x62F; &#x633;&#x644;&#x627;&#x645;&#x629;</subfield>
  </datafield>
  <datafield tag="260" ind1=" " ind2=" ">
    <subfield code="a">&#x639;&#x645;&#x627;&#x646;: </subfield>
    <subfield code="b">&#x645;&#x643;&#x62A;&#x628;&#x629; &#x627;&#x644;&#x645;&#x62C;&#x62A;&#x645;&#x639; &#x627;&#x644;&#x639;&#x631;&#x628;&#x64A;, </subfield>
    <subfield code="c">2003</subfield>
  </datafield>
  <datafield tag="300" ind1=" " ind2=" ">
    <subfield code="a">485  &#x635;&#x641;&#x62D;&#x629;&#x61B; </subfield>
    <subfield code="b">&#x625;&#x64A;&#x636;&#x627;&#x62D;&#x627;&#x62A; &#x61B;</subfield>
    <subfield code="c">24 &#x633;&#x645;</subfield>
  </datafield>
  <datafield tag="504" ind1=" " ind2=" ">
    <subfield code="a">&#x628;&#x64A;&#x628;&#x644;&#x64A;&#x648;&#x63A;&#x631;&#x627;&#x641;&#x64A;&#x627; &#x635;. 485</subfield>
  </datafield>
  <datafield tag="520" ind1=" " ind2=" ">
    <subfield code="a">&#x641;&#x64A; &#x647;&#x630;&#x627; &#x627;&#x644;&#x643;&#x62A;&#x627;&#x628;    &#x627;&#x644;&#x62A;&#x635;&#x646;&#x64A;&#x641; &#x627;&#x644;&#x637;&#x628;&#x642;&#x64A; &#x623;&#x633;&#x627;&#x633;&#x64A;&#x627;&#x62A; &#x641;&#x64A; &#x62C;&#x627;&#x641;&#x627; &#x633;&#x643;&#x631;&#x64A;&#x628;&#x62A; &#x60C; &#x62C;&#x62F;&#x648;&#x644; &#x627;&#x644;&#x627;&#x646;&#x645;&#x627;&#x637; &#x627;&#x644;&#x645;&#x62A;&#x639;&#x627;&#x642;&#x628;&#x629; &#x60C; java applets &#x60C; &#x628;&#x631;&#x62A;&#x648;&#x643;&#x644;&#x627;&#x62A; &#x637;&#x628;&#x642;&#x629; &#x627;&#x644;&#x646;&#x642;&#x644; &#x60C; ROUTERS &#x60C; &#x643;&#x64A;&#x627;&#x646;&#x627;&#x62A; &#x62C;&#x627;&#x641;&#x627; &#x633;&#x643;&#x631;&#x64A;&#x628;&#x62A; &#x60C; &#x62A;&#x639;&#x644;&#x64A;&#x645;&#x627;&#x62A; &#x62C;&#x627;&#x641;&#x627; &#x633;&#x643;&#x631;&#x64A;&#x628;&#x62A; &#x61B; &#x646;&#x62A;&#x627;&#x62C; HTML  &#x60C; &#x627;&#x644;&#x645;&#x62A;&#x63A;&#x64A;&#x631;&#x627;&#x62A; &#x60C; &#x627;&#x644;&#x642;&#x64A;&#x645; &#x627;&#x644;&#x62D;&#x631;&#x641;&#x64A;&#x629; &#x60C; &#x627;&#x644;&#x62A;&#x62D;&#x648;&#x64A;&#x644; &#x628;&#x64A;&#x646; &#x623;&#x646;&#x648;&#x627;&#x639; &#x627;&#x644;&#x642;&#x64A;&#x645;&#x60C; &#x627;&#x644;&#x645;&#x62C;&#x645;&#x648;&#x639;&#x627;&#x62A; &#x627;&#x644;&#x645;&#x631;&#x62A;&#x628;&#x629; &#x60C; &#x627;&#x639;&#x644;&#x627;&#x646; &#x627;&#x644;&#x645;&#x62C;&#x645;&#x648;&#x639;&#x627;&#x62A; &#x627;&#x644;&#x645;&#x631;&#x62A;&#x628;&#x629; &#x61B; &#x62C;&#x645;&#x644; &#x627;&#x633;&#x62A;&#x62F;&#x639;&#x627;&#x621; &#x627;&#x644;&#x648;&#x638;&#x627;&#x626;&#x641; &#x60C; &#x62F;&#x645;&#x62C; &#x62C;&#x627;&#x641;&#x627; &#x633;&#x643;&#x631;&#x64A;&#x628;&#x62A; &#x645;&#x639; HTML&#x60C; &#x645;&#x639;&#x627;&#x644;&#x62C;&#x629; &#x627;&#x644;&#x646;&#x635; &#x627;&#x644;&#x628;&#x631;&#x645;&#x62C;&#x64A; &#x60C; &#x647;&#x64A;&#x643;&#x644; &#x628;&#x631;&#x646;&#x627;&#x645;&#x62C; &#x62C;&#x627;&#x641;&#x627; &#x633;&#x643;&#x631;&#x64A;&#x628;&#x62A; &#x627;&#x644;&#x62A;&#x639;&#x627;&#x645;&#x644; &#x645;&#x639; &#x627;&#x644;&#x62D;&#x62F;&#x62B; ObJECT MODEL</subfield>
  </datafield>
  <datafield tag="653" ind1=" " ind2=" ">
    <subfield code="a">&#x627;&#x644;&#x62D;&#x648;&#x627;&#x633;&#x64A;&#x628;</subfield>
  </datafield>
  <datafield tag="653" ind1=" " ind2=" ">
    <subfield code="a">&#x634;&#x628;&#x643;&#x627;&#x62A; &#x627;&#x644;&#x62D;&#x648;&#x627;&#x633;&#x64A;&#x628;</subfield>
  </datafield>
  <datafield tag="653" ind1=" " ind2=" ">
    <subfield code="a">&#x646;&#x638;&#x645; &#x627;&#x644;&#x645;&#x639;&#x644;&#x648;&#x645;&#x627;&#x62A;- &#x627;&#x644;&#x645;&#x624;&#x633;&#x633;&#x629; &#x627;&#x644;&#x645;&#x645;&#x62A;&#x62F;&#x629; </subfield>
  </datafield>
  <datafield tag="942" ind1=" " ind2=" ">
    <subfield code="c">&#x643;&#x62A;&#x627;&#x628;</subfield>
  </datafield>
  <datafield tag="952" ind1=" " ind2=" ">
    <subfield code="0">0</subfield>
    <subfield code="1">0</subfield>
    <subfield code="2">lcc</subfield>
    <subfield code="4">0</subfield>
    <subfield code="7">-1</subfield>
    <subfield code="a">fsecg</subfield>
    <subfield code="b">fsecg</subfield>
    <subfield code="d">2026-05-07</subfield>
    <subfield code="h">&#x627;&#x644;&#x637;&#x627;&#x628;&#x642; &#x627;&#x644;&#x623;&#x631;&#x636;&#x64A;</subfield>
    <subfield code="i">1100/1</subfield>
    <subfield code="l">0</subfield>
    <subfield code="o">&#x623;/1100&#x646;1</subfield>
    <subfield code="p">1100/1</subfield>
    <subfield code="r">2026-05-07 07:57:24</subfield>
    <subfield code="w">2026-05-07</subfield>
    <subfield code="y">&#x643;&#x62A;&#x627;&#x628;</subfield>
  </datafield>
  <datafield tag="952" ind1=" " ind2=" ">
    <subfield code="0">0</subfield>
    <subfield code="1">0</subfield>
    <subfield code="2">ddc</subfield>
    <subfield code="4">0</subfield>
    <subfield code="7">0</subfield>
    <subfield code="a">fsecg</subfield>
    <subfield code="b">fsecg</subfield>
    <subfield code="d">2026-05-07</subfield>
    <subfield code="h">&#x627;&#x644;&#x637;&#x627;&#x628;&#x642; &#x627;&#x644;&#x623;&#x631;&#x636;&#x64A;</subfield>
    <subfield code="i">1100/2</subfield>
    <subfield code="l">0</subfield>
    <subfield code="o">&#x623;/1100&#x646;2</subfield>
    <subfield code="p">1100/2</subfield>
    <subfield code="r">2026-05-07 07:57:24</subfield>
    <subfield code="w">2026-05-07</subfield>
    <subfield code="y">&#x643;&#x62A;&#x627;&#x628;</subfield>
  </datafield>
  <datafield tag="952" ind1=" " ind2=" ">
    <subfield code="0">0</subfield>
    <subfield code="1">0</subfield>
    <subfield code="2">ddc</subfield>
    <subfield code="4">0</subfield>
    <subfield code="7">0</subfield>
    <subfield code="a">fsecg</subfield>
    <subfield code="b">fsecg</subfield>
    <subfield code="d">2026-05-07</subfield>
    <subfield code="h">&#x627;&#x644;&#x637;&#x627;&#x628;&#x642; &#x627;&#x644;&#x623;&#x631;&#x636;&#x64A;</subfield>
    <subfield code="i">1100/3</subfield>
    <subfield code="l">0</subfield>
    <subfield code="o">&#x623;/1100&#x646;3</subfield>
    <subfield code="p">1100/3</subfield>
    <subfield code="r">2026-05-07 07:57:24</subfield>
    <subfield code="w">2026-05-07</subfield>
    <subfield code="y">&#x643;&#x62A;&#x627;&#x628;</subfield>
  </datafield>
  <datafield tag="952" ind1=" " ind2=" ">
    <subfield code="0">0</subfield>
    <subfield code="1">0</subfield>
    <subfield code="2">ddc</subfield>
    <subfield code="4">0</subfield>
    <subfield code="7">0</subfield>
    <subfield code="a">fsecg</subfield>
    <subfield code="b">fsecg</subfield>
    <subfield code="d">2026-05-07</subfield>
    <subfield code="h">&#x627;&#x644;&#x637;&#x627;&#x628;&#x642; &#x627;&#x644;&#x62B;&#x627;&#x646;&#x64A;</subfield>
    <subfield code="i">1100/4</subfield>
    <subfield code="l">0</subfield>
    <subfield code="o">&#x623;/1100&#x646;4</subfield>
    <subfield code="p">1100/4</subfield>
    <subfield code="r">2026-05-07 07:57:24</subfield>
    <subfield code="w">2026-05-07</subfield>
    <subfield code="y">&#x643;&#x62A;&#x627;&#x628;</subfield>
  </datafield>
  <datafield tag="952" ind1=" " ind2=" ">
    <subfield code="0">0</subfield>
    <subfield code="1">0</subfield>
    <subfield code="2">ddc</subfield>
    <subfield code="4">0</subfield>
    <subfield code="7">0</subfield>
    <subfield code="a">fsecg</subfield>
    <subfield code="b">fsecg</subfield>
    <subfield code="d">2026-05-07</subfield>
    <subfield code="h">&#x627;&#x644;&#x637;&#x627;&#x628;&#x642; &#x627;&#x644;&#x62B;&#x627;&#x646;&#x64A;</subfield>
    <subfield code="i">1100/5</subfield>
    <subfield code="l">0</subfield>
    <subfield code="o">&#x623;/1100&#x646;5</subfield>
    <subfield code="p">1100/5</subfield>
    <subfield code="r">2026-05-07 07:57:24</subfield>
    <subfield code="w">2026-05-07</subfield>
    <subfield code="y">&#x643;&#x62A;&#x627;&#x628;</subfield>
  </datafield>
  <datafield tag="999" ind1=" " ind2=" ">
    <subfield code="c">45962</subfield>
    <subfield code="d">45962</subfield>
  </datafield>
</record>
